| 000 | 01468cam a2200325 a 4500 | ||
|---|---|---|---|
| 999 |
_c97766 _d97766 |
||
| 001 | 12013769 | ||
| 003 | ARRUPE | ||
| 005 | 20170718124821.0 | ||
| 008 | 000519s2001 mauab b 001 0 eng | ||
| 010 | _a 00104757 | ||
| 020 | _a0312237014 | ||
| 040 |
_aDLC _cDLC _dDLC |
||
| 043 | _ae------ | ||
| 050 | 0 | 0 |
_aCB411 _b.J327 2001 |
| 082 | 0 | 0 |
_a940.2/53 _221 |
| 100 | 1 |
_aJacob, Margaret C., _d1943- _917891 |
|
| 245 | 1 | 4 |
_aThe Enlightenment : _ba brief history with documents / _cMargaret C. Jacob. |
| 260 |
_aBoston : _bBedford/St. Martin's, _cc2001. |
||
| 300 |
_axiii, 237 p. : _bill., map ; _c22 cm. |
||
| 440 | 0 |
_aBedford series in history and culture _924025 |
|
| 504 | _aIncludes bibliographical references (p. 225-227) and index. | ||
| 650 | 0 |
_aEnlightenment. _933200 |
|
| 650 | 0 |
_aEnlightenment _vSources. _933201 |
|
| 651 | 0 |
_aEurope _xCivilization _y18th century. _933202 |
|
| 651 | 0 |
_aEurope _xCivilization _y18th century _vSources. _933203 |
|
| 856 | 4 | 2 |
_3Contributor biographical information _uhttp://www.loc.gov/catdir/bios/hol058/00104757.html |
| 856 | 4 | 2 |
_3Publisher description _uhttp://www.loc.gov/catdir/description/hol051/00104757.html |
| 856 | 4 | 1 |
_3Table of contents _uhttp://www.loc.gov/catdir/toc/hol051/00104757.html |
| 906 |
_a7 _bcbc _corignew _d2 _eepcn _f20 _gy-gencatlg |
||
| 942 |
_2lcc _cMONOGRAPH |
||